Statystyki dla Wskaż wszystkich zwycięzców Pucharu Konfederacji FIFA

Kliknij tutaj aby rozwiązać quiz!

Ogólne statystyki

  • Ten quiz został rozwiązany 81 razy
  • Średni wynik to 9 z 10

Statystyki odpowiedzi

HintOdpowiedź% Poprawnych
2005 rokBrazylia
99%
1997 rokBrazylia
99%
2009 rokBrazylia
99%
2013 rokBrazylia
99%
2017 rokNiemcy
94%
1992 rokArgentyna
90%
2001 rokFrancja
90%
2003 rokFrancja
90%
1999 rokMeksyk
58%
1995 rokDania
46%

Rozkład punktacji

Percentyl według liczby udzielonych odpowiedzi

Procent ludzi z każdym wynikiem

Twoja historia wyników

Nie rozwiązałeś tego quizu